Normal view
MARC view
Entry Personal Name
001 - CONTROL NUMBER
- control field: 28010
003 - CONTROL NUMBER IDENTIFIER
- control field: ARRUPE
005 - DATE AND TIME OF LATEST TRANSACTION
- control field: 20161213091432.0
008 - FIXED-LENGTH DATA ELEMENTS
- fixed length control field: 161213|| aca||aabn | a|a d
040 ## - CATALOGING SOURCE
- Original cataloging agency: ARRUPE
- Transcribing agency: ARRUPE
100 ## - HEADING--PERSONAL NAME
- Personal name: Malthus, T. R.
- Fuller form of name: (Thomas Robert),
- Dates associated with a name: 1766-1834.
670 ## - SOURCE DATA FOUND
- Source citation: Work cat.: (ARRUPE)0: Malthus, T. R. (Thomas Robert), 1766-1834., Principles of political economy /, 2005.